UM Logo

The American tradition in literature : volume 1/ (Record no. 8442)

MARC details
000 -LEADER
fixed length control field 00762nam a2200205 4500
008 - FIXED-LENGTH DATA ELEMENTS--GENERAL INFORMATION
fixed length control field 180206b xxu||||| |||| 00| 0 eng d
020 ## - INTERNATIONAL STANDARD BOOK NUMBER
International Standard Book Number 0-394-32619-9
082 ## - DEWEY DECIMAL CLASSIFICATION NUMBER
Edition number 1981
Classification number DC 810.8
Item number An3
245 ## - TITLE STATEMENT
Title The American tradition in literature : volume 1/
Statement of responsibility, etc. edited by Sculley Bradley, Richmond Croom Beatty, E. Hudson Long and George Perkins.
250 ## - EDITION STATEMENT
Edition statement FIFTH EDITION
260 ## - PUBLICATION, DISTRIBUTION, ETC. (IMPRINT)
Place of publication, distribution, etc. New York:
Name of publisher, distributor, etc. Random House, Inc.,
Date of publication, distribution, etc. ©1981.
300 ## - PHYSICAL DESCRIPTION
Extent xxv, 2075 pages;
Dimensions 21 cm.
521 ## - TARGET AUDIENCE NOTE
Target audience note Includes bibliography and index.
650 #0 - SUBJECT ADDED ENTRY--TOPICAL TERM
9 (RLIN) 26153
Topical term or geographic name as entry element American literature
700 ## - ADDED ENTRY--PERSONAL NAME
9 (RLIN) 26154
Personal name Bradley, Sculley
Relator term editor
700 ## - ADDED ENTRY--PERSONAL NAME
9 (RLIN) 26155
Personal name Beatty, Richmond Croom
Relator term editor
700 ## - ADDED ENTRY--PERSONAL NAME
9 (RLIN) 26156
Personal name Long, E. Hudson
Relator term editor
700 ## - ADDED ENTRY--PERSONAL NAME
9 (RLIN) 26157
Personal name Perkins, George
Relator term editor
942 ## - ADDED ENTRY ELEMENTS (KOHA)
Source of classification or shelving scheme Dewey Decimal Classification
Koha item type Circulation
Holdings
Withdrawn status Lost status Source of classification or shelving scheme Damaged status Not for loan Collection code Home library Current library Date acquired Source of acquisition Total Checkouts Full call number Barcode Date last seen Copy number Price effective from Koha item type
    Dewey Decimal Classification     Circulation UM Digos College - LIC UM Digos College - LIC 10/13/1995 Purchased   DC 810.8 An3 1981 11972 06/08/2021 1 02/06/2018 Circulation